Pokemonattacken der 2. Generation - Statistiken

Allgemein
  • Dieses Quiz wurde 249 mal gespielt
  • Das Durchschnittsergebnis liegt bei 33 aus 86
Antwortstatistiken
Attacke Antwort % Korrekt
31. Knirscher
73%
63. Spukball
69%
15. Eisenschweif
68%
39. Läuterfeuer
65%
19. Flammenrad
64%
76. Walzer
64%
77. Whirlpool
63%
82. Zertrümmerer
58%
38. Luftstoß
57%
84. Zornklinge
57%
52. Regentanz
56%
60. Sonnentag
56%
54. Sandsturm
55%
66. Stahlflügel
55%
17. Feuerodem
54%
35. Lehmschelle
54%
29. Horrorblick
50%
79. Windhose
50%
26. Gigasauger
49%
5. Anziehung
48%
16. Eissturm
48%
33. Kraftreserve
48%
80. Wuchtschlag
48%
30. Intensität
46%
42. Milchgetränk
46%
55. Scanner
46%
18. Finte
45%
24. Geschenk
44%
58. Schutzschild
43%
13. Dreifachkick
42%
46. Nachtmahr
42%
50. Pulverschnee
42%
81. Wutanfall
42%
20. Fluch
40%
40. Matschbombe
39%
41. Metallklaue
39%
61. Spiegelcape
39%
10. Blitzkanone
38%
45. Nachahmer
38%
51. Raub
38%
59. Seher
37%
12. Charme
36%
28. Groll
36%
64. Stachler
36%
1. Abgangsbund
35%
25. Gesichte
35%
43. Mondschein
35%
74. Vielender
35%
9. Bitterkuss
33%
14. Dreschflegel
33%
73. Verfolgung
33%
71. Turbotempo
32%
72. Umwandlung2
32%
2. Abgesang
31%
27. Grimasse
31%
44. Morgengrauen
31%
67. Synthese
31%
70. Turbodreher
31%
78. Willensleser
31%
85. Zugabe
31%
3. Angeberei
30%
4. Antik-Kraft
30%
8. Baumwollsaat
30%
53. Rückkehr
30%
68. Tempohieb
30%
22. Funkensprung
29%
49. Psycho-Plus
29%
56. Schlafrede
29%
57. Schnarcher
29%
47. Octazooka
27%
11. Bodyguard
26%
62. Spinnennetz
26%
6. Ausdauer
25%
21. Frustration
24%
34. Kreuzhieb
24%
86. Überwurf
24%
83. Zielschuss
24%
37. Lockduft
23%
69. Trugschlag
21%
65. Staffette
20%
75. Vitalglocke
19%
36. Leidteiler
18%
48. Prügler
18%
7. Bauchtrommel
15%
23. Gegenschlag
15%
32. Knochenhatz
11%
Keine übereinstimmenden Quizze gefunden
Verteilung der Resultate
Anzahl Personen mit jedem Resultat
Perzentil nach korrekt beantworteten Fragen
Ihre Resultats-Entwicklung
Sie haben dieses Quiz noch nicht gespielt